| 000 | 00588nam a22001937a 4500 | ||
|---|---|---|---|
| 005 | 20141007121013.0 | ||
| 010 | _aENG-110968 | ||
| 020 |
_a9788184302684 _c300.00 |
||
| 035 | _aEN-94500 | ||
| 037 | _bDBAD/PUB | ||
| 082 | _a362.880820954 | ||
| 100 | _aMehrotra, Mamta | ||
| 245 |
_aCrimes against women in India : _cby Mamta Mehrotra _ba study / |
||
| 260 |
_aNew Delhi _bOcean Books _c2014 |
||
| 270 |
_a4/19, Asaf Ali Road _bNew Delhi _e110002 |
||
| 300 |
_a216p. _c22cm(Hb) |
||
| 500 | _aIncludes bibliographical references | ||
| 942 |
_2ddc _cEN _mMEH _h362.880820954 |
||
| 999 |
_c88996 _d88996 |
||